000
00304nam a22001217a 4500
008
230621b xxu||||| |||| 00| 0 eng d
082
_a
328.35
_b
IPU 1994
245
_a
Inter-Parliamentary Bulletin
260
_a
Geneva
_b
Inter-Parliamentary Union
_c
1994
300
_a
315p
440
_n
4
942
_2
ddc
_c
BK
999
_c
2297
_d
2297